000 00736nam a2200181Ia 4500
008 100920s9999 xx 000 0 und d
082 _b102003
_a891.43 न 08
100 _aशुक्ल रविंद्र.
245 _aसूचना औद्योगिकी और समाचार पत्र.
260 _bराधाकृष्ण प्रकाशन,दिल्ली.
_c2008
300 _a132
_bसाधी
365 _b150
520 _aहिंदी.
630 _aसूचना औद्योगिकी और समाचार पत्र.
650 _aहिंदी.
730 _aसूचना औद्योगिकी और समाचार पत्र.
942 _cBOOK
999 _c742436
_d742433